| 000 | 00627nam a2200217Ia 4500 | ||
|---|---|---|---|
| 003 | OSt | ||
| 005 | 20230410151501.0 | ||
| 008 | 210423s2017 xx 000 0 und d | ||
| 020 | _a978-93-860-6218-5 | ||
| 040 | _cAL | ||
| 041 | _aeng | ||
| 082 |
_a338.9 _223 _bPATI |
||
| 100 |
_aPATTANAIK (B K) _985532 |
||
| 245 | _aIssues and challenges of development: an introduction | ||
| 260 |
_aNew Delhi _bSage Publications _c2017 |
||
| 300 |
_axxii,434,G-22,I-8 _bPB |
||
| 365 |
_b495 _cINR |
||
| 650 |
_aEconomics of Development _985533 |
||
| 906 | _aan ; challenges ; development: ; introduction ; Issues | ||
| 942 |
_2ddc _cBK |
||
| 999 |
_c169568 _d169568 |
||